| 000 | 01040nam a22001937a 4500 | ||
|---|---|---|---|
| 008 | 100624t xxu||||| |||| 00| 0 eng d | ||
| 082 |
_222 _bح م ا _a291.172 |
||
| 100 | 1 |
_915192 _aحماية، محمود علي |
|
| 245 |
_aالمناظرة الكبري في مقارنة الأديان بين القس سويجارت والشيخ ديدات / _cتقديم ودراسة وتعليق محمود علي حماية. |
||
| 260 |
_a[د. م. ] : _b[د. ن. ] ، _c[د. ت.] . |
||
| 300 |
_a153 ص : _c24 سم. |
||
| 490 |
_915195 _aسلسلة مقارنة الأديان _v؛ 5 |
||
| 504 | _aيحتوي علي ارجاعات ببليوجرافية | ||
| 541 | _aعلاء عبد الغني ؛ | ||
| 650 | 0 |
_915257 _aالديانات المقارنة |
|
| 650 | 0 |
_915260 _aالعلاقات الدينية |
|
| 942 |
_2ddc _cBB |
||
| 999 |
_c14209 _d14209 |
||